000 00797nam a2200229 a 4500
001 57411
003 BD-RjUL
005 20211209080515.0
008 160812s2016 bg ||||| |||| 00| 0 ben d
020 _a98470315001240
_c: Tk.150.00
035 _a(BD-RjUL)57535
040 _aBD-RjUL
_bben
_cBD-RjUL
_dBD-RjUL
041 _aben
082 _223
_a891.441
_bBAO 2016
100 _aবাদল, আনোয়ার হোসেন
_9170404
245 1 0 _aঅপেক্ষার প্রহর /
_cআনোয়ার হোসেন বাদল
260 _aঢাকা :
_bসাহিত্য কথা,
_c২০১৬.
300 _a৮০ পৃ. ;
_c২৩ সেমি.
650 _aবাংলা কবিতা
_9170454
650 _aBengali Poetry
_9170481
942 _2ddc
_cBK
999 _c57411
_d57411